| 000 | 00635nam a2200205 a 4500 | ||
|---|---|---|---|
| 001 | 85678 | ||
| 003 | BD-RjUL | ||
| 005 | 20250909160907.0 | ||
| 008 | 250909s1954 enk||||| |||| 00| 0 eng d | ||
| 035 | _a(BD-RjUL)85678 | ||
| 040 |
_aBD-RjUL _beng _cBD-RjUL |
||
| 041 | _aeng | ||
| 082 |
_223 _a351.42 _bBRI 1954 |
||
| 245 |
_aThe British imperial calendar and civil service list 1954 / _cMajesty's Stationery Office |
||
| 260 |
_aLondon : _bMajesty's Stationery Office, _c1954 |
||
| 300 |
_a1199 p.; _c25 cm. |
||
| 650 |
_aPublic administration _xGreat Britain _916837 |
||
| 710 |
_aMajesty's Stationery Office _916838 |
||
| 942 |
_2ddc _cBK |
||
| 999 |
_c85678 _d85678 |
||